000 00779nam a22002057a 4500
999 _c190559
_d190559
005 20220727155610.0
010 _aENG-134066
020 _a9788194254737
_c400.00
035 _aEN-117598
037 _bDBAD/PUB
082 _a337.091724
245 _aGlobal Economic Order in the Post-COVID-19 Era: Challenges, Opportunities and Strategies/
_cEdited by Ravi Kumar Gupta, Sanjay Kumar Mangla and Nisha Jindal
260 _aNew Delhi
_bMaharaja Agrasen Technical Education Society
_c2020
270 _aPSP Area, Maharaja Agrasen Chowk, Sector 22, Rohini
_bNew Delhi
_e110086
_mmait@mait.ac.in
300 _a413p.
_c29cm(pbk)
700 _aGupta, Ravi Kumar
700 _aMangla, Sanjay Kumar
700 _aJindal, Nisha
942 _2ddc
_cEN
_h337.091724
_mGLO